| 000 | 00346nam a2200109Ia 4500 | ||
|---|---|---|---|
| 008 | 171205s9999 xx 000 0 und d | ||
| 020 | _a9781138239029 | ||
| 100 | _aBailey, Lora Battle. | ||
| 245 |
_cLora Battle Bailey _aImplementing a Standards-Based Curriculum in the Early Childhood Classroom |
||
| 260 |
_bRoutledge _c2017 |
||
| 300 | _a142 pages | ||
| 999 |
_c347363 _d347363 |
||